00290pab a2200121 454500008004000000100002000040245003000060260000900090300001200099362000800111650001900119773003000138180718b2017 xxu||||| |||| 00| 0 eng d aLeckey, Robert  aReview of comparative law c2017 ap.3-24. aFeb aComprative law aSocial and Legal Studies